| 000 | 00618nam a2200181 4500 | ||
|---|---|---|---|
| 001 | 144729 | ||
| 003 | ES-MaACL | ||
| 005 | 20230906201102.0 | ||
| 007 | t| | ||
| 008 | 070214s1979 sp r ||||1| spa d | ||
| 100 | 1 |
_aSkoog, Douglas A. _9106754 |
|
| 245 | 1 | 0 |
_aFundamentos de Química Analítica / _cDouglas A. Skoog, Donald N. West ; [traducida por Francisco Bermejo Martínez]. |
| 260 |
_aBarcelona [etc.] : _bReverté, _c1979 ( _fLitoclub) |
||
| 300 |
_a2 v. : _bil. ; _c22 cm. |
||
| 700 | 1 |
_aWest, Donald N. _9116540 |
|
| 700 | 1 |
_aBermejo Martínez, Francisco. _928112 |
|
| 852 |
_aES-MaACL _jG-4337-38 _bR.100145 |
||
| 999 |
_c144729 _d144729 |
||